Financial intermediation in a less developed economy : (Record no. 18679)
[ view plain ]
| 000 -LEADER | |
|---|---|
| fixed length control field | 01225cam a2200289 a 4500 |
| 001 - CONTROL NUMBER | |
| control field | 15311401 |
| 005 - DATE AND TIME OF LATEST TRANSACTION | |
| control field | 20141127155807.0 |
| 008 - FIXED-LENGTH DATA ELEMENTS--GENERAL INFORMATION | |
| fixed length control field | 080530s2008 ii ad frb 000 0 eng d |
| 010 ## - LIBRARY OF CONGRESS CONTROL NUMBER | |
| LC control number | 2008022533 |
| 020 ## - INTERNATIONAL STANDARD BOOK NUMBER | |
| International Standard Book Number | 9780761936565 (hard back) |
| 040 ## - CATALOGING SOURCE | |
| Original cataloging agency | DLC |
| Transcribing agency | DLC |
| Modifying agency | DLC |
| -- | EG-ScBUE |
| 043 ## - GEOGRAPHIC AREA CODE | |
| Geographic area code | a-ii--- |
| 082 00 - DEWEY DECIMAL CLASSIFICATION NUMBER | |
| Classification number | 332.10954 |
| Edition number | 22 |
| Item number | MAL |
| 100 1# - MAIN ENTRY--PERSONAL NAME | |
| Personal name | Mallick, Indrajit |
| 9 (RLIN) | 36685 |
| 245 10 - TITLE STATEMENT | |
| Title | Financial intermediation in a less developed economy : |
| Remainder of title | the history of the United Bank of India / |
| Statement of responsibility, etc | Indrajit Mallick, Sugata Marjit. |
| 260 ## - PUBLICATION, DISTRIBUTION, ETC. (IMPRINT) | |
| Place of publication, distribution, etc | New Delhi : |
| Name of publisher, distributor, etc | SAGE Publications, |
| Date of publication, distribution, etc | 2008. |
| 300 ## - PHYSICAL DESCRIPTION | |
| Extent | xlv, 274 p. : |
| Other physical details | charts, tables ; |
| Dimensions | 23 cm. |
| 504 ## - BIBLIOGRAPHY, ETC. NOTE | |
| Bibliography, etc | Includes bibliographical references. |
| 505 0# - FORMATTED CONTENTS NOTE | |
| Formatted contents note | The roots-Banking crisis and the merger-Post merger developments(1950-1969)-Nationalization and the organizational challenge-The years of development banking-The crisis years(1985-2000)-The recovery and beyond. |
| 610 20 - SUBJECT ADDED ENTRY--CORPORATE NAME | |
| Corporate name or jurisdiction name as entry element | United Bank of India (Calcutta, India) |
| 9 (RLIN) | 36686 |
| 650 #0 - SUBJECT ADDED ENTRY--TOPICAL TERM | |
| Topical term or geographic name as entry element | Banks and banking |
| Geographic subdivision | India |
| 9 (RLIN) | 36687 |
| 650 #0 - SUBJECT ADDED ENTRY--TOPICAL TERM | |
| Topical term or geographic name as entry element | Intermediation (Finance) |
| Geographic subdivision | India |
| 9 (RLIN) | 36688 |
| 653 ## - INDEX TERM--UNCONTROLLED | |
| Resource For college | BAEPS, Business Administration |
| Arrived date list | November2014 |
| 655 ## - INDEX TERM--GENRE/FORM | |
| Form subdivision | |
| -- | 34232 |
| 700 1# - ADDED ENTRY--PERSONAL NAME | |
| Personal name | Marjit, Sugata, |
| Dates associated with a name | 1959- |
| 9 (RLIN) | 36689 |
| 942 ## - ADDED ENTRY ELEMENTS (KOHA) | |
| Source of classification or shelving scheme | Dewey Decimal Classification |
| Call number prefix | 332.10954 MAL |
| Withdrawn status | Item status | Source of classification or shelving scheme | Damaged status | Not for loan | Vendor | Home library | Current library | Shelving location | Date acquired | Source of acquisition | Cost, normal purchase price | Serial Enumeration / chronology | Total Checkouts | Full call number | Barcode | Date last seen | Cost, replacement price | Koha item type |
|---|---|---|---|---|---|---|---|---|---|---|---|---|---|---|---|---|---|---|
| Dewey Decimal Classification | Baccah | Central Library | Central Library | First floor | 27/11/2014 | 364.00 | 20677 | 332.10954 MAL | 000037061 | 15/07/2025 | 455.00 | Book - Borrowing |